| 000 | 01018pam a2200313 a 4500 | ||
|---|---|---|---|
| 001 | 499517 | ||
| 003 | OSt | ||
| 005 | 20180116183023.0 | ||
| 008 | 850422r1985 nyu j 000 1 eng | ||
| 010 | _a 85042618 | ||
| 020 |
_a0060237384 : _c$12.50 |
||
| 020 |
_a0060237392 (lib. bdg.) : _c$11.89 |
||
| 040 |
_aDLC _cDLC _dDLC |
||
| 042 | _alcac | ||
| 050 | 0 | 0 |
_aPZ7.L4367 _bCh 1985 |
| 082 | 0 | 0 |
_a813.54 LAW 1985 _219 |
| 100 | 1 |
_aLawrence, Louise, _d1943- |
|
| 245 | 1 | 0 |
_aChildren of the dust _cLouise Lawrence. |
| 250 | _a1st American ed. | ||
| 260 |
_aNew York : _bHarper & Row, _cc1985. |
||
| 300 |
_a183 p. _c24 cm. |
||
| 440 | _aChildren of the dust | ||
| 520 | _aAfter a nuclear war devastates the earth, a small band of people struggles for survival in a new world where children are born with strange mutations. | ||
| 650 | 1 |
_aNuclear warfare _xFiction. |
|
| 650 | 1 |
_aSurvival _xFiction. |
|
| 650 | 1 | _aScience fiction. | |
| 906 |
_a7 _bcbc _corignew _d1 _eocip _f19 _gy-gencatlg |
||
| 942 |
_2ddc _cBK |
||
| 999 |
_c350656 _d350656 |
||